[Event "OP-2023-0-05380"]
[Site "LSS email"]
[Date "2023.02.15"]
[Round "?"]
[White "Correa de Almeida, Claudio"]
[Black "Edwardson, Zachariah"]
[Result "1/2-1/2"]
[WhiteElo "1435"]
[BlackElo "1556"]
[PlyCount "32"]
[EventDate "2023.02.15"]
[EventType "tourn (corr)"]
[EventRounds "4"]
[EventCountry "GER"]
[SourceTitle "Corr 2024"]
[Source "ChessBase"]
[SourceDate "2023.10.19"]
[SourceVersion "1"]
[SourceVersionDate "2023.10.19"]
[SourceQuality "1"]

1. e4 c5 2. Nf3 d6 3. d4 cxd4 4. Nxd4 Nf6 5. Nc3 a6 6. Qd3 e6 7. a4 Nbd7 8. Nb3 b6 9. Be2 Qc7 10. Bf4 Bb7 11. 0-0 Rc8 12. Rad1 Ne5 13. Qe3 Be7 14. h3 h6 15. Rd4 0-0 16. Bg3 Qb8 1/2-1/2

[Event "OP-2023-0-05380"]
[Site "LSS email"]
[Date "2023.02.15"]
[Round "?"]
[White "Edwardson, Zachariah"]
[Black "Maly, Marian"]
[Result "1-0"]
[WhiteElo "1556"]
[BlackElo "726"]
[PlyCount "52"]
[EventDate "2023.02.15"]
[EventType "tourn (corr)"]
[EventRounds "4"]
[EventCountry "GER"]
[SourceTitle "Corr 2024"]
[Source "ChessBase"]
[SourceDate "2023.10.19"]
[SourceVersion "1"]
[SourceVersionDate "2023.10.19"]
[SourceQuality "1"]

1. d4 d5 2. c4 e6 3. Nc3 c6 4. e3 Nf6 5. Nf3 Bb4 6. Bd3 0-0 7. 0-0 Bxc3 8. bxc3 Ne4 9. Bxe4 dxe4 10. Nd2 Nd7 11. Nxe4 Nf6 12. Ng3 Qe7 13. e4 e5 14. Qd3 Ng4 15. h3 Nf6 16. f4 exd4 17. cxd4 c5 18. e5 Nd7 19. Nf5 Qe6 20. d5 Qe8 21. Qg3 g6 22. Bb2 Nb6 23. Nh6+ Kg7 24. Nxf7 Rxf7 25. e6+ Kg8 26. Qc3 Kf8 1-0

[Event "OP-2022-0-05361"]
[Site "LSS email"]
[Date "2022.12.18"]
[Round "?"]
[White "Vasseur, Olivier"]
[Black "Edwardson, Zachariah"]
[Result "1/2-1/2"]
[WhiteElo "1772"]
[BlackElo "1515"]
[PlyCount "41"]
[EventDate "2022.11.30"]
[EventType "tourn (corr)"]
[EventRounds "4"]
[EventCountry "GER"]
[SourceTitle "Corr 2024"]
[Source "ChessBase"]
[SourceDate "2023.10.19"]
[SourceVersion "1"]
[SourceVersionDate "2023.10.19"]
[SourceQuality "1"]

1. e4 c5 2. Nf3 d6 3. d4 cxd4 4. Nxd4 Nf6 5. Nc3 a6 6. Bg5 e6 7. f4 Qb6 8. Qd2 Qxb2 9. Rb1 Qa3 10. f5 Nc6 11. fxe6 fxe6 12. Nxc6 bxc6 13. Be2 Be7 14. 0-0 0-0 15. Kh1 Ra7 16. Qe3 Rd7 17. e5 dxe5 18. Bd3 Rd4 19. Ne2 Ra4 20. Qxe5 Qd6 21. Qxd6 1/2-1/2

[Event "SE-2022-0-00333"]
[Site "LSS email"]
[Date "2022.01.19"]
[Round "?"]
[White "Edwardson, Zachariah"]
[Black "Endean, Andrew"]
[Result "1-0"]
[WhiteElo "1320"]
[BlackElo "1362"]
[PlyCount "57"]
[EventDate "2021.07.20"]
[EventType "tourn (corr)"]
[EventRounds "6"]
[EventCountry "GER"]
[SourceTitle "Corr 2024"]
[Source "ChessBase"]
[SourceDate "2023.10.19"]
[SourceVersion "1"]
[SourceVersionDate "2023.10.19"]
[SourceQuality "1"]

1. d4 d5 2. c4 e6 3. Nc3 Nf6 4. cxd5 exd5 5. Bg5 c6 6. e3 Be7 7. Bd3 Nbd7 8. Nge2 0-0 9. Qc2 Re8 10. 0-0 h6 11. Bf4 Nh5 12. Nxd5 Nxf4 13. Nxe7+ Qxe7 14. Nxf4 Nf6 15. Rac1 Be6 16. Nxe6 Qxe6 17. Qc4 Qxc4 18. Rxc4 Nd5 19. Rfc1 Rad8 20. a4 Re7 21. b4 a6 22. b5 cxb5 23. axb5 axb5 24. Rc8 Ree8 25. Rxd8 Rxd8 26. Bxb5 Kf8 27. g3 Ke7 28. Rc5 Ke6 29. Bc4 1-0

[Event "FICGS class C 000259 email"]
[Site "FICGS email"]
[Date "2018.09.03"]
[Round "1"]
[White "Edwardson, Zachariah"]
[Black "Horoshilov, Andrey"]
[Result "0-1"]
[WhiteElo "1627"]
[BlackElo "1713"]
[PlyCount "26"]
[EventDate "2018.??.??"]
[EventType "tourn (corr)"]
[EventRounds "4"]
[SourceTitle "Corr 2022"]
[Source "ChessBase"]
[SourceDate "2021.10.24"]
[SourceVersion "1"]
[SourceVersionDate "2021.10.24"]
[SourceQuality "1"]

1. d4 Nf6 2. Nf3 g6 3. Bf4 d6 4. e3 Bg7 5. h3 c6 6. Nbd2 Nbd7 7. Be2 0-0 8. 0-0 Re8 9. Bh2 e5 10. Nc4 Ne4 11. Bd3 Ng5 12. Nxg5 Qxg5 13. Nxd6 Re7 0-1

[Event "FICGS class C 000259 email"]
[Site "FICGS email"]
[Date "2018.09.03"]
[Round "1"]
[White "Edwardson, Zachariah"]
[Black "Vestenicky, Patrik"]
[Result "0-1"]
[WhiteElo "1627"]
[BlackElo "1647"]
[PlyCount "20"]
[EventDate "2018.??.??"]
[EventType "tourn (corr)"]
[EventRounds "4"]
[SourceTitle "Corr 2022"]
[Source "ChessBase"]
[SourceDate "2021.10.24"]
[SourceVersion "1"]
[SourceVersionDate "2021.10.24"]
[SourceQuality "1"]

1. f4 d5 2. Nf3 g6 3. e3 c5 4. Be2 Bg7 5. 0-0 Nc6 6. c3 Nf6 7. d4 0-0 8. Nbd2 Ng4 9. Nb3 c4 10. h3 Nh6 0-1

[Event "FICGS class C 000259 email"]
[Site "FICGS email"]
[Date "2018.09.03"]
[Round "1"]
[White "Vollmer, Steve"]
[Black "Edwardson, Zachariah"]
[Result "1-0"]
[WhiteElo "1792"]
[BlackElo "1627"]
[PlyCount "33"]
[EventDate "2018.??.??"]
[EventType "tourn (corr)"]
[EventRounds "4"]
[SourceTitle "Corr 2022"]
[Source "ChessBase"]
[SourceDate "2021.10.24"]
[SourceVersion "1"]
[SourceVersionDate "2021.10.24"]
[SourceQuality "1"]

1. e4 e6 2. d4 d5 3. Nc3 dxe4 4. Nxe4 Nd7 5. Nf3 Ngf6 6. Bd3 c5 7. dxc5 Nxe4 8. Bxe4 Nxc5 9. Qe2 Qc7 10. 0-0 Bd7 11. Re1 Bd6 12. h3 Nxe4 13. Qxe4 0-0 14. Ng5 f5 15. Qh4 h6 16. Nxe6 Rae8 17. Bxh6 1-0

[Event "FICGS class F 000205 email"]
[Site "FICGS email"]
[Date "2018.08.05"]
[Round "1"]
[White "Gonet, Gerard"]
[Black "Edwardson, Zachariah"]
[Result "0-1"]
[WhiteElo "1262"]
[BlackElo "1267"]
[PlyCount "20"]
[EventDate "2018.??.??"]
[EventType "tourn (corr)"]
[EventRounds "5"]
[SourceTitle "Corr 2022"]
[Source "ChessBase"]
[SourceDate "2021.10.24"]
[SourceVersion "1"]
[SourceVersionDate "2021.10.24"]
[SourceQuality "1"]

1. d4 d5 2. e4 dxe4 3. Nc3 Nf6 4. f3 exf3 5. Qxf3 Qxd4 6. Be3 Qg4 7. Qf2 Qf5 8. Nf3 Ng4 9. Qd2 Nxe3 10. Nb5 Qc5 0-1

[Event "FICGS class E 000212 email"]
[Site "FICGS email"]
[Date "2018.07.29"]
[Round "1"]
[White "Edwardson, Zachariah"]
[Black "Wood, Brian"]
[Result "0-1"]
[WhiteElo "1267"]
[BlackElo "1277"]
[PlyCount "52"]
[EventDate "2018.??.??"]
[EventType "tourn (corr)"]
[EventRounds "5"]
[SourceTitle "Corr 2022"]
[Source "ChessBase"]
[SourceDate "2021.10.24"]
[SourceVersion "1"]
[SourceVersionDate "2021.10.24"]
[SourceQuality "1"]

1. d4 Nf6 2. c4 e6 3. Nf3 b6 4. g3 Bb7 5. Bg2 Be7 6. Nc3 0-0 7. 0-0 Ne4 8. Nxe4 Bxe4 9. Bf4 d6 10. Qb3 Nd7 11. Rfd1 a5 12. Qe3 Nf6 13. Nd2 Bxg2 14. Kxg2 Nh5 15. Nf3 Nxf4+ 16. Qxf4 Bf6 17. e4 g6 18. Re1 e5 19. dxe5 dxe5 20. Nxe5 Bxe5 21. Qxe5 Re8 22. Qf4 c5 23. Rad1 Qe7 24. a4 Rad8 25. Rd5 Qe6 26. Red1 Rxd5 0-1

[Event "FICGS class E 000212 email"]
[Site "FICGS email"]
[Date "2018.07.29"]
[Round "1"]
[White "Hadden, John"]
[Black "Edwardson, Zachariah"]
[Result "0-1"]
[WhiteElo "1383"]
[BlackElo "1267"]
[PlyCount "48"]
[EventDate "2018.??.??"]
[EventType "tourn (corr)"]
[EventRounds "5"]
[SourceTitle "Corr 2022"]
[Source "ChessBase"]
[SourceDate "2021.10.24"]
[SourceVersion "1"]
[SourceVersionDate "2021.10.24"]
[SourceQuality "1"]

1. d4 f5 2. Nf3 Nf6 3. Nc3 d5 4. Bf4 c6 5. e3 e6 6. Bd3 Be7 7. 0-0 0-0 8. Bxb8 Rxb8 9. Ne2 b6 10. c4 c5 11. cxd5 Nxd5 12. Nc3 Bb7 13. dxc5 Nxc3 14. bxc3 Bxf3 15. gxf3 Bxc5 16. Bc4 Qe7 17. Re1 Rf6 18. Qb3 Rh6 19. Kf1 Rxh2 20. Bxe6+ Kh8 21. Bxf5 Qg5 22. Bc2 Rd8 23. Rad1 Qg2+ 24. Ke2 Qxf2# 0-1